书目信息 |
| 题名: |
蒙太奇论
|
|
| 作者: | 苏C.M.爱森斯坦 著 ;富澜 译 | |
| 分册: | ||
| 出版信息: | 北京 中国电影出版社 1998 |
|
| 页数: | 467页 | |
| 开本: | 20cm | |
| 丛书名: | ||
| 单 册: | ||
| 中图分类: | J932 | |
| 科图分类: | ||
| 主题词: | 电影摄影 , 电视摄影 | |
| 电子资源: | ||
| ISBN: | 7-106-01346-3 | |
| 000 | 00605nam0 2200205 450 | |
| 001 | 0735592734 | |
| 005 | 20070906095312.73 | |
| 010 | @a7-106-01346-3@d¥27.00 | |
| 100 | @a20070906d km y0chiy0120 ea | |
| 101 | 0 | @achi |
| 200 | 1 | @a蒙太奇论@Ameng tai qi lun@f[苏]C.M.爱森斯坦著@F[su]C.M.ai sen si tan zhu@g富澜译@Gfu lan yi |
| 210 | @a北京@c中国电影出版社@d1998 | |
| 215 | @a467页@d20cm | |
| 606 | 0 | @a电影摄影 |
| 606 | 0 | @a电视摄影 |
| 690 | @aJ932@v3 | |
| 701 | 0 | @a苏C.M.爱森斯坦@Asu C.M.ai sen si tan@4著 |
| 702 | 0 | @a富澜@Afu lan@4译 |
| 801 | 0 | @aCN@bPFT@c20070906 |
| 905 | @a213230@dJ932@eP19@f1 | |
| 蒙太奇论/[苏]C.M.爱森斯坦著/富澜译.-北京:中国电影出版社,1998 |
| 467页;20cm |
| ISBN 7-106-01346-3:¥27.00 |
| ● |
| 相关链接 |
|
|
|
|
正题名:蒙太奇论
索取号:J932/P19
 
预约/预借
| 序号 | 登录号 | 条形码 | 馆藏地/架位号 | 状态 | 备注 |
| 1 | 7201123 | 272011235 | 密集书库-物理学院/ [索取号:J932/P19] | 在馆 |